Statistics for Pokemon Quiz A-Z

Click here to take the quiz!

General Stats

  • This quiz has been taken 7 times
  • The average score is 14 of 26

Answer Stats

HintAnswer% Correct
Who is on the cover of Pokemon Y?Yveltal
100%
There are only 3 Pokemon that begin with X. Which of them is not a legendary/mythical/ultra beast?Xatu
83%
Who is the champion in the Kalos region?Diantha
67%
If a Pokemon had every type, what type would it be weak to?Rock
67%
Who is Cynthia’s lead Pokemon who used to (before gen 6) have no weaknesses?Spiritomb
67%
What Pokemon can only learn Hidden Power?Unown
67%
What is the normal type move with 55 BP, 100 accuracy, and is learned by Pokemon such as Pinsir, Kingler, and Crawdaunt?Vise Grip
67%
What is Shedinja’s signature ability?Wonder Guard
67%
Who is the Pokemon who is rivals with Seviper?Zangoose
67%
What is the nature that increases defense, but lowers attack?Bold
50%
Who is Clay’s ace Pokemon?Excadrill
50%
What is a ghost type move that doubles in power when the opponent is under a status condition?Hex
50%
What is Ditto’s signature ability?Imposter
50%
What item boosts the duration of Reflect/Light Screen from 5 turns to 8?Light Clay
50%
What Pokemon has 4 forms, with each of them being different typings? (Fire/Flying, Electric/Flying, Psychic/Flying, and Ghost/Flying)Oricorio
50%
What is the Psychic type physical move with 70 BP and a high critical hit ratio?Psycho Cut
50%
What is the nature that increases speed, but lowers attack?Timid
50%
What is the item that increases special defense by 1.5x at the cost of only using damaging moves?Assault Vest
33%
What is Kecleon’s signature ability?Color Change
33%
What Pokemon’s signature move is No Retreat?Falinks
33%
Who is the second gym leader in Sinnoh?Gardenia
33%
What does Skiploom evolve into?Jumpluff
33%
Who is the dark type member of the Elite Four in Johto?Karen
33%
What is Glalie’s hidden ability?Moody
33%
Who is the only Bug/Ground type Pokemon?Nincada
33%
Who is the only Pokemon used by Crasher Wake that is immune to electric?Quagsire
33%

Score Distribution

Percentile by Number Answered

Percent of People with Each Score

Your Score History

You have not taken this quiz